| 000 | 00397nam a22001577a 4500 | ||
|---|---|---|---|
| 999 |
_c6644 _d6644 |
||
| 003 | OSt | ||
| 005 | 20190117174055.0 | ||
| 008 | 190117b ||||| |||| 00| 0 eng d | ||
| 040 | _cDLC | ||
| 082 |
_a248.24 _bF557k |
||
| 100 | _aLitzman, Warren. | ||
| 245 | _aKnowing Jesus as Your Life/ | ||
| 260 |
_aDAllas, Texas: _bDeeper Life Crusade Publisher: _cc |
||
| 300 |
_a32 p.; _c18cm |
||
| 942 |
_2ddc _cBK |
||